00803nam a22001937a 4500003000900000008004100009020001800050040007100068082002400139100001800163245005800181260005900239300002600298505019400324650002300518650002000541650001700561700003100578AR-CdUCM190308b ||||| |||| 00| 0 spa d a9972-755-14-2 aMUNICIPALIDAD PROVINCIAL DEL CUSCOcBIBLIOTECA MUNICIPAL DEL CUSCO 23 ed.a869.5 /bM14 aMacera, Pablo aLa Ciudad y el tiempo :bPisco, Porras y Valdelomar / aLima :bFondo Editorial del Congreso del Perú,c1999 a100 paginas ;c20 cm. aContenido :Conferencias dadas en Pisco por Pablo Macera y Waldemar Espinoza sobre Raúl Porras Barrenechea, y por Manuel M. de Priego y Ricardo Silva-Santisteban sobre Abraham Valdelomar / aLiteratura peruana aHistoria urbana aConferencias aEspinoza Soriano, Waldemar